000 00339nam a2200133 a 4500
005 20140414093848.0
008 110526s19uu xx 00 eng d
050 _aDVD 909
_bAGE
245 _aAge of dicovery :
_bSpanish and Portuguese explorations.
260 _aUSA :
_bPhoenix.
650 _aHistory
942 _cAVM
999 _c109750
_d109750